The East India Company, 1784-1834 (Record no. 70859)

000 -LEADER
fixed length control field 00431nam a22001697a 4500
003 - CONTROL NUMBER IDENTIFIER
control field NUST - PNEC
005 - DATE AND TIME OF LATEST TRANSACTION
control field 20170116181149.0
008 - FIXED-LENGTH DATA ELEMENTS--GENERAL INFORMATION
fixed length control field 151015b xxu||||| |||| 00| 0 eng d
020 ## - INTERNATIONAL STANDARD BOOK NUMBER
International Standard Book Number -
040 ## - CATALOGING SOURCE
Transcribing agency LIBRARY
082 ## - DEWEY DECIMAL CLASSIFICATION NUMBER
Classification number 954.031 PHI
100 ## - MAIN ENTRY--PERSONAL NAME
9 (RLIN) 15251
Personal name Philips, C. H
245 ## - TITLE STATEMENT
Title The East India Company, 1784-1834
Statement of responsibility, etc. C. H,Philips
260 ## - PUBLICATION, DISTRIBUTION, ETC.
Date of publication, distribution, etc. c 1961
650 ## - SUBJECT ADDED ENTRY--TOPICAL TERM
9 (RLIN) 15253
Topical term or geographic name entry element East India Company
General subdivision General
942 ## - ADDED ENTRY ELEMENTS (KOHA)
Source of classification or shelving scheme
Koha item type Book
Holdings
Withdrawn status Lost status Source of classification or shelving scheme Damaged status Not for loan Permanent Location Current Location Shelving location Date acquired Total Checkouts Full call number Barcode Date last seen Price effective from Koha item type
          Pakistan Navy Engineering College (PNEC) Pakistan Navy Engineering College (PNEC)   10/15/2015   954.031 PHI PNECLIB-002520 10/15/2015   Book
© 2023 Central Library, National University of Sciences and Technology. All Rights Reserved.